00837 a2200181 45000010006000000050017000060080041000230030015000640400040000790800149001192450039002680200018003072640030003253000019003555050252003740410008006261000021006345540420260407155828.0260407a1991 arg spa dAR-UNSa-BCEJYS aAR-UNSa-BCEJYSbspacAR-UNSa-BCEJYS a340.12xTendencias en la teoría del derecho. Escuelas, doctrinas jurídicas. Filosofía del derecho. Teorías sobre el Estado y el derecho 10aTópica y filosofía del derecho a84-7432-410-6 1aBarcelona :bGedisac1991 a204 p.c21 cm. a1. Sobre la relación entre filosofía del derecho, teoría del derecho y dogmática jurídica - 2. La filosofía del derecho como investigación básica - 3. ¿Qué significa positivismo jurídico? - 4. La "lógica moderna" del derecho aspa1 aViehweg, Theodor